Righting wrongs: the ombudsman in six continents (Record no. 394994)

000 -LEADER
fixed length control field 00401cam a22001337a 4500
008 - FIXED-LENGTH DATA ELEMENTS--GENERAL INFORMATION
fixed length control field 180718b2000 xxu||||| |||| 00| 0 eng d
082 ## - DEWEY DECIMAL CLASSIFICATION NUMBER
Classification number B301 G862
245 ## - TITLE STATEMENT
Title Righting wrongs: the ombudsman in six continents
Statement of responsibility, etc. edited by Roy Gregory and Philip Giddings
260 ## - PUBLICATION, DISTRIBUTION, ETC.
Place of publication, distribution, etc. Amsterdam
Name of publisher, distributor, etc. IOS Press
Date of publication, distribution, etc. 2000
300 ## - PHYSICAL DESCRIPTION
Extent 489p.
650 ## - SUBJECT ADDED ENTRY--TOPICAL TERM
Topical term or geographic name entry element Ombudspersons.
700 ## - ADDED ENTRY--PERSONAL NAME
Personal name Giddings, Philip
700 ## - ADDED ENTRY--PERSONAL NAME
Personal name Gregory, Roy
Holdings
Withdrawn status Lost status Damaged status Not for loan Permanent Location Current Location Date acquired Full call number Barcode Date last seen Price effective from Koha item type
        Indian Institute of Public Administration Indian Institute of Public Administration 2000-12-11 B301 G862 76072 2018-07-21 2018-07-21 Book

Powered by Koha